Statistics for NJPW Wrestle Kingdom Main Events

Click here to take the quiz!

General Stats

  • This quiz has been taken 20 times
  • The average score is 38 of 46

Answer Stats

EventWrestler% Correct
Wrestle Kingdom 8Hiroshi Tanahashi
100%
Wrestle Kingdom 9Hiroshi Tanahashi
100%
Wrestle Kingdom 7Hiroshi Tanahashi
100%
Wrestle Kingdom 13Hiroshi Tanahashi
100%
Wrestle Kingdom IIHiroshi Tanahashi
100%
Wrestle Kingdom 10Hiroshi Tanahashi
100%
Wrestle Kingdom VIHiroshi Tanahashi
100%
Wrestle Kingdom IIIHiroshi Tanahashi
100%
Wrestle Kingdom VHiroshi Tanahashi
100%
Wrestle Kingdom 11Kenny Omega
100%
Wrestle Kingdom 13Kenny Omega
100%
Wrestle Kingdom IVShinsuke Nakamura
100%
Wrestle Kingdom IIShinsuke Nakamura
100%
Wrestle Kingdom 8Shinsuke Nakamura
100%
Wrestle Kingdom 11Kazuchika Okada
92%
Wrestle Kingdom 14 (Night 1)Kazuchika Okada
92%
Wrestle Kingdom 10Kazuchika Okada
92%
Wrestle Kingdom 12Kazuchika Okada
92%
Wrestle Kingdom 7Kazuchika Okada
92%
Wrestle Kingdom 9Kazuchika Okada
92%
Wrestle Kingdom 14 (Night 2)Kazuchika Okada
92%
Wrestle Kingdom 16 (Night 1)Kazuchika Okada
92%
Wrestle Kingdom 16 (Night 2)Kazuchika Okada
92%
Wrestle Kingdom 17 (Night 1)Kazuchika Okada
92%
Wrestle Kingdom 15 (Night 2)Kota Ibushi
85%
Wrestle Kingdom 15 (Night 1)Kota Ibushi
85%
Wrestle Kingdom 14 (Night 1)Kota Ibushi
85%
Wrestle Kingdom 18Sanada
85%
Wrestle Kingdom 15 (Night 1)Tetsuya Naito
85%
Wrestle Kingdom 17 (Night 1)Tetsuya Naito
85%
Wrestle Kingdom 18Tetsuya Naito
85%
Wrestle Kingdom 14 (Night 2)Tetsuya Naito
85%
Wrestle Kingdom 12Tetsuya Naito
85%
Wrestle Kingdom 15 (Night 2)Jay White
77%
Wrestle Kingdom 17 (Night 1)Jay White
77%
Wrestle Kingdom VSatoshi Kojima
77%
Wrestle Kingdom ISatoshi Kojima
77%
Wrestle Kingdom 16 (Night 2)Will Ospreay
69%
Wrestle Kingdom 16 (Night 1)Shingo Takagi
62%
Wrestle Kingdom IHiroyoshi Tenzan
46%
Wrestle Kingdom IIIKeiji Mutoh
46%
Wrestle Kingdom IKeji Mutoh
46%
Wrestle Kingdom VIMinoru Suzuki
38%
Wrestle Kingdom IMasahiro Chono
31%
Wrestle Kingdom 17 (Night 1)Kenoh
15%
Wrestle Kingdom IVYoshihiro Takayama
15%

Score Distribution

Percentile by Number Answered

Percent of People with Each Score

Your Score History

You have not taken this quiz